00777 2200169 4500245006100000250001100061100002400072700002000096650001100116005001900127260006000146041001400206084001000220300002200230500034600252336000900598 aBangga Menjadi Pemilih PemulacDedet Surya NandikahText aCet. 1 aDedet Surya Nandika aSigit Pamungkas aPemilu a20240506101813 aJakartabDirektorat Pengolahan dan Penyediaan Informasi aIndonesia a324.6 a60 hlm. :c18 cm. aBuku ini disusun untuk pemilih pemula, yaitu pemilih yang untuk pertama kali ikut pemungutan suara pemilihan umum (pemilu). Usia pemilih pemula yang dimaksud dalam buku ini adalah antara 17 sampai dengan 21 tahun. Menurut data Komisi Pemilihan Umum (KPU) Pusat, diperkirakan sebesar 20% dari keseluruhan jumlah pemilih adalah pemilih pemula. atext